Kto potopí Eurozónu?

Salvato in:
Dettagli Bibliografici
Autore principale: Pavelka, Ľuboš, 1962-
Natura: Capitolo di libro
Lingua:slovacco
Soggetti:
Tags: Aggiungi Tag
Nessun Tag, puoi essere il primo ad aggiungerne!!

MARC

LEADER 00000naa a2200000 4500
001 0246157
005 20240502073943.9
041 0 |a slo 
044 |a SK 
245 1 0 |a Kto potopí Eurozónu?  |c Ľuboš Pavelka 
610 2 0 |a eurozóna 
610 2 0 |a euro 
610 2 0 |a dlhy verejné 
610 2 0 |a Grécko 
610 2 0 |a Taliansko 
100 1 |a Pavelka, Ľuboš, 1962-